000 00541nam a2200181 4500
999 _c189057
_d189057
005 20220610155702.0
010 _aENG-133217
020 _a9788188423200
_c195.00
035 _aEN-116749
037 _bDBAD/PUB
082 _a808.88
100 _aRathore, Prateek
245 _aThe Paradise is Around You.../
_cPrateek Rathore
260 _aIndore
_bRang Prakashan
_c2012
270 _a33, Bakshi Gali, Rajwada
_bIndore
_e452004
_minfo@jainsonbookworld.com
300 _a78p.
_c17cm(hbk)
942 _2ddc
_cEN
_h808.88
_mRAT